Israel : Financial System Stability Assessment, including Reports on the Observance of Standards and Codes on the following topics; Monetary and Financial Policy Transparency; Banking Supervision; Securities Supervision; and Payments Systems.

The recent government administrations and the Bank of Israel (BOI) are determined to obtain and preserve a stable currency and macroeconomic environment, in addition to deepening the financial sector. The BOI plays a key role in liquidity management and absorbing liquidity shocks owing to the uneven...

وصف كامل

التفاصيل البيبلوغرافية
مؤلف مشترك: International Monetary Fund
التنسيق: دورية
اللغة:English
منشور في: Washington, D.C. : International Monetary Fund, 2001.
سلاسل:IMF Staff Country Reports; Country Report ; No. 2001/140
الوصول للمادة أونلاين:Full text available on IMF
LEADER 01848cas a2200241 a 4500
001 AALejournalIMF001663
008 230101c9999 xx r poo 0 0eng d
020 |c 5.00 USD 
020 |z 9781451819472 
022 |a 1934-7685 
040 |a BD-DhAAL  |c BD-DhAAL 
110 2 |a International Monetary Fund. 
245 1 0 |a Israel :   |b Financial System Stability Assessment, including Reports on the Observance of Standards and Codes on the following topics; Monetary and Financial Policy Transparency; Banking Supervision; Securities Supervision; and Payments Systems. 
264 1 |a Washington, D.C. :  |b International Monetary Fund,  |c 2001. 
300 |a 1 online resource (89 pages) 
490 1 |a IMF Staff Country Reports 
500 |a <strong>Off-Campus Access:</strong> No User ID or Password Required 
500 |a <strong>On-Campus Access:</strong> No User ID or Password Required 
506 |a Electronic access restricted to authorized BRAC University faculty, staff and students 
520 3 |a The recent government administrations and the Bank of Israel (BOI) are determined to obtain and preserve a stable currency and macroeconomic environment, in addition to deepening the financial sector. The BOI plays a key role in liquidity management and absorbing liquidity shocks owing to the uneven development of financial markets. The paper summarizes assessment of Israel's observance of financial sector supervision standards and codes. Israel has relatively well-developed, capable, and transparent financial sector supervision and monetary policy formulation. Insurance and pension reform should be completed. 
538 |a Mode of access: Internet 
830 0 |a IMF Staff Country Reports; Country Report ;  |v No. 2001/140 
856 4 0 |z Full text available on IMF  |u http://elibrary.imf.org/view/journals/002/2001/140/002.2001.issue-140-en.xml  |z IMF e-Library